000 00522nam a2200181Ia 4500
008 131103s9999 xx 000 0 und d
040 _aLoreto College
041 _aEnglish
082 _aREF
_bLCBED/11762
100 _aAusten, Jane
245 4 _aThe great writers
_b their lives, works and isspiration
_cJane Austen
260 _aLondon
_bMarshall Cavendish
_c1992
300 _a96p.
_b ilpic.
_c 26cm.
440 _aA Marshall Cavendish Fortnightly Collection
650 _aREF
850 _aLCBED/REF
942 _cBK
999 _c33450
_d83929